00458nam a2200157Ia 4500008004100000082001800041100003800059245005000097260000800147300001200155365001600167366000800183530000900191630005000200730005000250100315s9999 xx 000 0 und d b2939 a657  a"CHOPDE, L. N. CHOUDHARI, D. H. " aBOOK-KEEPING AND ACCOUNTING: HIGHER SECONDARY c0  a374P   d1 b0.00  f0  b-   aBOOK-KEEPING AND ACCOUNTING: HIGHER SECONDARY aBOOK-KEEPING AND ACCOUNTING: HIGHER SECONDARY